Economía internacional
-д хадгалсан:
| Үндсэн зохиолч: | |
|---|---|
| Формат: | Ном |
| Хэл сонгох: | испани |
| Хэвлэсэн: |
Bogotá
McGraw-Hill
1992
|
| Хэвлэл: | 2a. ed |
| Нөхцлүүд: | |
| Шошгууд: |
Шошго нэмэх
Шошго байхгүй, Энэхүү баримтыг шошголох эхний хүн болох!
|
MARC
| LEADER | 00000nam a2200000 a 4500 | ||
|---|---|---|---|
| 001 | UCY2555 | ||
| 003 | CL-VaPUC | ||
| 008 | 941103e19920000CK |||||||||||||||||spa|d | ||
| 082 | 0 | 4 | |a 382 |b CHA |2 21 |
| 100 | 0 | |a Chacholiades, Miltiades |e author |9 330592 | |
| 245 | 1 | 0 | |a Economía internacional |
| 250 | |a 2a. ed | ||
| 300 | |a 674 p | ||
| 942 | |c BK | ||
| 945 | |d 19941103 00:00:00 |a mfernand | ||
| 260 | |a Bogotá |b McGraw-Hill |c 1992 | ||
| 650 | 0 | |a Balanza de pagos |9 316476 | |
| 650 | 0 | |a Economía internacional |9 258254 | |
| 650 | 0 | |a Política comercial |9 259070 | |
| 583 | |a last modification |c 20140528 11:28:23 |k Rodrigo Vera | ||
| 999 | |c 230928 |d 230926 | ||
| 952 | |0 0 |1 0 |4 0 |6 382_000000000000000_CHA_1992 |7 0 |8 A |9 233582 |a BIBENE |b BIBENE |d 2019-11-15 |i 3041441 |o 382 CHA 1992 |p 3041441 |r 2025-01-15 |w 2019-11-15 |y BK |k ICO | ||
| 952 | |0 0 |1 0 |4 0 |6 382_000000000000000_CHA_1992 |7 0 |8 A |9 233583 |a BIBENE |b BIBENE |d 2019-11-15 |i 304145K |o 382 CHA 1992 |p 304145K |r 2025-01-15 |w 2019-11-15 |y BK |k ICO | ||
| 952 | |0 0 |1 0 |4 0 |6 382_000000000000000_CHA_1992 |7 0 |8 A |9 233584 |a BIBENE |b BIBENE |d 2019-11-15 |i 3337804 |o 382 CHA 1992 |p 3337804 |r 2025-01-15 |w 2019-11-15 |y BK |k ICO | ||
| 952 | |0 0 |1 0 |4 0 |6 382_000000000000000_CHA_1992 |7 0 |8 A |9 233585 |a BIBENE |b BIBENE |d 2019-11-15 |i 3337812 |o 382 CHA 1992 |p 3337812 |r 2025-01-15 |w 2019-11-15 |y BK |k ICO | ||
| 952 | |0 0 |1 0 |4 0 |6 382_000000000000000_CHA_1992 |7 0 |8 A |9 233586 |a BIBGIM |b BIBGIM |d 2019-11-15 |i 2958414 |o 382 CHA 1992 |p 2958414 |r 2025-01-15 |w 2019-11-15 |y BK |k COM | ||
| 952 | |0 0 |1 0 |4 0 |6 382_000000000000000_CHA_1992 |7 0 |8 A |9 233587 |a BIBGIM |b BIBGIM |d 2019-11-15 |i 344158K |o 382 CHA 1992 |p 344158K |r 2025-01-15 |w 2019-11-15 |y BK |k COM | ||
| 952 | |0 0 |1 0 |4 0 |6 382_000000000000000_CHA_1992 |7 0 |8 A |9 233588 |a BIBGIM |b BIBGIM |d 2019-11-15 |i 3441598 |o 382 CHA 1992 |p 3441598 |r 2025-01-15 |w 2019-11-15 |y BK |k COM | ||
| 952 | |0 0 |1 0 |4 0 |6 382_000000000000000_CHA_1992 |7 0 |8 A |9 233589 |a BIBGIM |b BIBGIM |d 2019-11-15 |i 3441601 |o 382 CHA 1992 |p 3441601 |r 2025-01-15 |w 2019-11-15 |y BK |k COM | ||
| 952 | |0 0 |1 0 |4 0 |6 382_000000000000000_CHA_1992 |7 0 |8 A |9 233590 |a BIBGIM |b BIBGIM |d 2019-11-15 |i 344161K |o 382 CHA 1992 |p 344161K |r 2025-01-15 |w 2019-11-15 |y BK |k COM | ||
| 952 | |0 0 |1 0 |4 0 |6 382_000000000000000_CHA_1992 |7 0 |8 A |9 233591 |a BIBGIM |b BIBGIM |d 2019-11-15 |i 3441628 |o 382 CHA 1992 |p 3441628 |r 2025-01-15 |w 2019-11-15 |y BK |k COM | ||
| 952 | |0 0 |1 0 |4 0 |6 382_000000000000000_CHA_1992 |7 0 |8 A |9 233592 |a BIBGIM |b BIBGIM |d 2019-11-15 |i 3547892 |o 382 CHA 1992 |p 3547892 |r 2025-01-15 |w 2019-11-15 |y BK |k GIM | ||
| 952 | |0 0 |1 0 |4 0 |6 382_000000000000000_CHA_1992 |7 0 |8 A |9 233593 |a BIBGIM |b BIBGIM |d 2019-11-15 |i 3547914 |l 3 |o 382 CHA 1992 |p 3547914 |r 2025-01-15 |s 2020-01-21 |w 2019-11-15 |y BK |k GIM | ||
| 952 | |0 0 |1 0 |4 0 |6 382_000000000000000_CHA_1992 |7 0 |8 A |9 233594 |a BIBGIM |b BIBGIM |d 2019-11-15 |i 3547922 |o 382 CHA 1992 |p 3547922 |r 2025-01-15 |w 2019-11-15 |y BK |k GIM | ||